000 00325 a2200109 4500
001 ART_39608
005 20260410162000.0
008 260409a
245 1 0 _aPascual Contursi y el origen de las letras de tango
100 1 _aRomano, Eduardo
773 0 _tPropuestas
_g- Año 2, Nº 4 (nov. 1996)
_wREV28258
999 _c31226
_d31226